000 00429nam a2200157Ia 4500
003 LK-CoDNM
008 010623t1926 xxu||||| |||| 00| 1 eng d
040 _aLK-CoDNM
_dLK-CoDNM
_eLK-CoDNM
041 _aeng
080 _a50
_bC7
245 _aThe Ceylon Rugby Football : Hand book 1926
260 _bEastern(Ceylon) General Agency,Thomas Company
_aColombo
_c1926
300 _b56P,2ill., 20 cm
650 _aSports
942 _cBK
999 _c93329
_d93329